000 00532nam a22001817a 4500
003 OSt
005 20180116183044.0
008 160425b xxu||||| |||| 00| 0 eng d
020 _a9781861242242
040 _c0
082 _a658.72 CIP 2012
100 _aCIPS
245 _aProcurement and Supply workflow AC3
_cAdvanced Certificate in procurement and supply operations
260 _a Lincolnshire
_bProfex Publishing Limited
_c2012
300 _a133 p.
_bPB.
440 _aProcurement and Supply workflow
942 _2ddc
_cBK
999 _c351371
_d351371